Οι τελευταίοι ήρωες

Αποθηκεύτηκε σε:
Λεπτομέρειες βιβλιογραφικής εγγραφής
Κύριος συγγραφέας: Ψαραύτη, Λίτσα, 1936-
Άλλοι συγγραφείς: Λεκκός, Γιάννης
Μορφή: Βιβλίο
Γλώσσα:Greek
Δημοσίευση: Αθήνα : Πατάκης, 2000.
Έκδοση:11η εκδ.
Σειρά:Σύγχρονη λογοτεχνία για παιδιά και για νέους. Συλλογή Χελιδόνια. 11
Θέματα:
Ετικέτες: Προσθήκη ετικέτας
Δεν υπάρχουν, Καταχωρήστε ετικέτα πρώτοι!

MARC

LEADER 00000cam a2200000 i 4500
001 1/24659
008 011129s2000 gr | ||| |||| ||gre||
020 |a 9602936894 
035 |l 10067915 
040 |a GR-MyUA  |b gre  |e AACR2 
041 0 |a gre 
082 7 |a 808.0683   |2 (22) 
100 1 |a Ψαραύτη, Λίτσα,   |d 1936- 
245 1 3 |a Οι τελευταίοι ήρωες /   |c Λίτσα Ψαραύτη.  
250 |a 11η εκδ.  
260 |a Αθήνα :   |b Πατάκης,   |c 2000.  
300 |a 106 σ. :   |b εικ. ;   |c 20 εκ.  
490 1 |a (Σύγχρονη λογοτεχνία για παιδιά και για νέους / Συλλογή χελιδόνια ;   |v 11)  
650 0 0 |a Young adult fiction. 
650 0 0 |a Young adult literature. 
700 1 |a Λεκκός, Γιάννης. 
830 0 |a Σύγχρονη λογοτεχνία για παιδιά και για νέους.   |p Συλλογή Χελιδόνια.  |v 11 
852 |a INST  |b SAMOS  |e 20011129  |h 808.0683 ΨΑΡ  |p 005300020403  |q 005300020403  |t BK  |y 0 
901 |a BIBL3-2001-3 
909 |a Σ  |b 099228 
922 |a 3ΕΛΗ  |b 200111  |c ΒΙΒΛΙΟΘΗΚΗ  |d ΚΑΡΑΣΤΑΘΗΣ 
970 |a ΜΑΛΑΓΑΡΗ  |b ΦΩΤΕΙΝΗ  |z 2001/12/17